<?xml version="1.0" encoding="UTF-8"?>
<record
    xmlns:xsi="http://www.w3.org/2001/XMLSchema-instance"
    xsi:schemaLocation="http://www.loc.gov/MARC21/slim http://www.loc.gov/standards/marcxml/schema/MARC21slim.xsd"
    xmlns="http://www.loc.gov/MARC21/slim">

  <leader>01553nam a22002417a 4500</leader>
  <controlfield tag="003">OSt</controlfield>
  <controlfield tag="005">20260210160933.0</controlfield>
  <controlfield tag="008">260209b        |||||||| |||| 00| 0 eng d</controlfield>
  <datafield tag="022" ind1=" " ind2=" ">
    <subfield code="a">9789363863477</subfield>
  </datafield>
  <datafield tag="040" ind1=" " ind2=" ">
    <subfield code="c">AIMIT LIBRARY</subfield>
  </datafield>
  <datafield tag="082" ind1=" " ind2=" ">
    <subfield code="2">1</subfield>
    <subfield code="a">005.76812</subfield>
    <subfield code="b">LOTA</subfield>
  </datafield>
  <datafield tag="100" ind1=" " ind2=" ">
    <subfield code="a">Loth, Alexander.</subfield>
    <subfield code="9">254133</subfield>
  </datafield>
  <datafield tag="245" ind1=" " ind2=" ">
    <subfield code="a">Visual analytics with tableau /</subfield>
    <subfield code="c">By Alexander Loth.</subfield>
  </datafield>
  <datafield tag="250" ind1=" " ind2=" ">
    <subfield code="a">1st ed.</subfield>
  </datafield>
  <datafield tag="260" ind1=" " ind2=" ">
    <subfield code="a">New Delhi :</subfield>
    <subfield code="b">Wiley India Pvt Ltd ,</subfield>
    <subfield code="c">2025.</subfield>
  </datafield>
  <datafield tag="300" ind1=" " ind2=" ">
    <subfield code="a">xxix,282 p.;</subfield>
    <subfield code="b">PB</subfield>
    <subfield code="c">23.5 cm.</subfield>
  </datafield>
  <datafield tag="500" ind1=" " ind2=" ">
    <subfield code="a">Tableau is a leading data visualization tool that&#x2019;s simple enough for individual desktop users and robust enough for enterprise solutions. Widely used by financial analysts, marketers, statisticians, business leaders, and sales professionals, Tableau makes it easy to present data visually for quick and clear decision-making in today&#x2019;s data-driven world.
Visual Analytics with Tableau takes non-technical business users on a complete journey &#x2014; starting from zero, connecting data, and creating impactful visualizations and dashboards to unlock business insights.</subfield>
  </datafield>
  <datafield tag="505" ind1=" " ind2=" ">
    <subfield code="r">Alexander Loth is a data scientist with a background in computational nuclear research. Since 2015, he has been with Tableau Software as digital strategist. In that role, he has advised many large companies in their transformation to become data-driven organizations.</subfield>
  </datafield>
  <datafield tag="650" ind1=" " ind2=" ">
    <subfield code="a">Adding data sources in tableau</subfield>
    <subfield code="9">254134</subfield>
  </datafield>
  <datafield tag="650" ind1=" " ind2=" ">
    <subfield code="a">Creating data visualizations</subfield>
    <subfield code="9">254135</subfield>
  </datafield>
  <datafield tag="650" ind1=" " ind2=" ">
    <subfield code="a">Interactive dashboards</subfield>
    <subfield code="9">254136</subfield>
  </datafield>
  <datafield tag="942" ind1=" " ind2=" ">
    <subfield code="2">ddc</subfield>
    <subfield code="c">BK</subfield>
    <subfield code="e">1</subfield>
    <subfield code="k">005.76812 LOTA</subfield>
  </datafield>
  <datafield tag="999" ind1=" " ind2=" ">
    <subfield code="c">240855</subfield>
    <subfield code="d">240855</subfield>
  </datafield>
  <datafield tag="952" ind1=" " ind2=" ">
    <subfield code="0">0</subfield>
    <subfield code="1">0</subfield>
    <subfield code="2">ddc</subfield>
    <subfield code="4">0</subfield>
    <subfield code="7">0</subfield>
    <subfield code="8">MCA</subfield>
    <subfield code="a">AIMIT</subfield>
    <subfield code="b">AIMIT</subfield>
    <subfield code="c">ANLTC</subfield>
    <subfield code="d">2026-02-03</subfield>
    <subfield code="e">KL Book House</subfield>
    <subfield code="g">689.00</subfield>
    <subfield code="i">Bill no:1288; Bill dt:2026-01-23</subfield>
    <subfield code="l">0</subfield>
    <subfield code="o">005.76812 LOTA</subfield>
    <subfield code="p">MCA17387</subfield>
    <subfield code="r">2026-05-23 00:00:00</subfield>
    <subfield code="v">516.75</subfield>
    <subfield code="w">2026-02-09</subfield>
    <subfield code="y">BK</subfield>
  </datafield>
  <datafield tag="952" ind1=" " ind2=" ">
    <subfield code="0">0</subfield>
    <subfield code="1">0</subfield>
    <subfield code="2">ddc</subfield>
    <subfield code="4">0</subfield>
    <subfield code="7">0</subfield>
    <subfield code="8">MCA</subfield>
    <subfield code="a">AIMIT</subfield>
    <subfield code="b">AIMIT</subfield>
    <subfield code="c">ANLTC</subfield>
    <subfield code="d">2026-02-23</subfield>
    <subfield code="e">SK Publishers &amp; Distributors</subfield>
    <subfield code="g">689.00</subfield>
    <subfield code="i">Billno:SKP4044;Billdt:2026-2-2</subfield>
    <subfield code="l">0</subfield>
    <subfield code="o">005.76812 LOTA</subfield>
    <subfield code="p">MCA17397</subfield>
    <subfield code="r">2026-05-23 00:00:00</subfield>
    <subfield code="v">516.75</subfield>
    <subfield code="w">2026-02-25</subfield>
    <subfield code="y">BK</subfield>
  </datafield>
</record>
